| 000 | 00872nam a22002537a 4500 | ||
|---|---|---|---|
| 003 | DO-SdBNP | ||
| 005 | 20221017112024.0 | ||
| 007 | ta | ||
| 008 | 210617e2018 dr a|||er|||| 00| p spa d | ||
| 020 | _a9781641310154 | ||
| 040 |
_aDO-SdBNP _bspa _cBNPHU |
||
| 082 | 4 |
_aPR861.44 _bB814d _222 |
|
| 100 | 1 |
_aBrailowsky Cabrera, Raquel _978886 |
|
| 245 | 1 | 3 |
_aDéjame ganar esta batalla / _cRaquel Brailowsky Cabrera ; cuidado editorial Mairym Cruz-Bernal |
| 260 |
_aSanto Domingo : _bLúdika Proyectos, _c2018. |
||
| 300 |
_a127 p. : _bil. ; _c15 cm. |
||
| 500 | _aIncluye datos biográficos de la autora en la solapa de la cubierta | ||
| 590 | _aInventariado, 2021/MF | ||
| 650 | 4 | _aPoesía puertorriqueña | |
| 650 | 4 | _aLiteratura puertorriqueña | |
| 700 | 1 |
_aCruz-Bernal, Mairym, _eed. _922622 |
|
| 910 | _aMF/Validado. Control de calidad MFF | ||
| 942 |
_2ddc _cLBS1 |
||
| 999 |
_c49940 _d49940 |
||